| 000 | 00362nam a2200133Ia 4500 | ||
|---|---|---|---|
| 008 | 260101s1992 xx 000 0 und d | ||
| 020 | _a9788171373407 | ||
| 041 | _aeng | ||
| 082 |
_a823.912 _bBON |
||
| 100 | _aBond Ruskin | ||
| 245 | _aRuskin Bond, The Blue Umbrella | ||
| 260 |
_bRupa Publication, Pvt . Ltd. New Delhi-110002 _c1992 |
||
| 300 |
_aP-83 _b18*11 |
||
| 999 |
_c1214063 _d1214063 |
||